La financiación del gasto público (Registro nro. 15175)

Detalles MARC
000 -LEADER
fixed length control field 00340 a2200121 4500
001 - CONTROL NUMBER
control field ART_17876
005 - DATE AND TIME OF LATEST TRANSACTION
control field 20260410161701.0
008 - FIXED-LENGTH DATA ELEMENTS--GENERAL INFORMATION
fixed length control field 260409a
100 1# - MAIN ENTRY--PERSONAL NAME
Personal name Gaba, Ernesto
245 10 - TITLE STATEMENT
Title La financiación del gasto público
700 1# - ADDED ENTRY--PERSONAL NAME
Personal name Uriarte, José A.
773 0# - HOST ITEM ENTRY
Title Ensayos Económicos
Related parts - Nº 6 (jun. 1978)
Record control number REV620

No hay ítems disponibles.